Catálogo
 En Linea

Población y educación en la República Dominicana / (Registro nro. 13890)

Detalles MARC
000 -CABECERA
campo de control de longitud fija 01029nam a2200277 a 4500
001 - NÚMERO DE CONTROL
campo de control 000014294
003 - IDENTIFICADOR DEL NÚMERO DE CONTROL
campo de control DO-SdBNP
005 - FECHA Y HORA DE LA ÚLTIMA TRANSACCIÓN
campo de control 20210709091210.0
008 - DATOS DE LONGITUD FIJA--INFORMACIÓN GENERAL
campo de control de longitud fija 091209s1990 dr a 000 0 spa d
040 ## - FUENTE DE LA CATALOGACIÓN
Centro catalogador/agencia de origen DO-SdBNP
Lengua de catalogación spa
Centro/agencia transcriptor BNPHU
082 ## - NÚMERO DE LA CLASIFICACIÓN DECIMAL DEWEY
Número de clasificación 370.97293
Número de documento/Ítem D542p
100 1# - ENTRADA PRINCIPAL--NOMBRE DE PERSONA
Nombre de persona Díaz Santana, Miriam
9 (RLIN) 9620
245 10 - MENCIÓN DE TÍTULO
Título Población y educación en la República Dominicana /
Mención de responsabilidad, etc. Miriam Díaz Santana, Nelson Ramírez, Pablo Tactuk.
260 ## - PUBLICACIÓN, DISTRIBUCIÓN, ETC.
Lugar de publicación, distribución, etc. Santo Domingo :
Nombre del editor, distribuidor, etc. Instituto de Estudios de Población y Desarrollo,
Fecha de publicación, distribución, etc. 1990.
300 ## - DESCRIPCIÓN FÍSICA
Extensión 140 p. :
Otras características físicas il. ;
Dimensiones 29 cm.
490 1# - MENCIÓN DE SERIE
Mención de serie Estudios
Designación de volumen o secuencia no. 7
500 ## - NOTA GENERAL
Nota general Incluye índice de cuadros y de gráficos
500 ## - NOTA GENERAL
Nota general Incluye notas al pie de las páginas
504 ## - NOTA DE BIBLIOGRAFÍA, ETC.
Nota de bibliografía, etc. Incluye referencias bibliográficas ( p. 99)
590 ## - NOTA LOCAL (RLIN)
Nota local Inventariado, 2021 / DG
650 #4 - PUNTO DE ACCESO ADICIONAL DE MATERIA--TÉRMINO DE MATERIA
Término de materia o nombre geográfico como elemento de entrada Educación
Subdivisión geográfica República Dominicana
Subdivisión general Estadisticas
9 (RLIN) 32254
651 #4 - PUNTO DE ACCESO ADICIONAL DE MATERIA--NOMBRE GEOGRÁFICO
Nombre geográfico República Dominicana
Subdivisión general Condiciones Sociales
-- Estadisticas
9 (RLIN) 32255
830 #0 - PUNTO DE ACCESO ADICIONAL DE SERIE-TÍTULO UNIFORME
Título uniforme Estudios
Número de parte o sección de la obra no. 7
9 (RLIN) 32256
910 ## - DATOS DE OPCIÓN DEL USUARIO (OCLC)
Datos de opción del usuario D/G
942 ## - ELEMENTOS DE PUNTO DE ACCESO ADICIONAL (KOHA)
Fuente del sistema de clasificación o colocación Dewey Decimal Classification
Tipo de ítem Koha Libro
Existencias
Estado de retiro Estado de pérdida Restricciones de uso No para préstamo Código de colección Localización permanente Ubicación/localización actual Ubicación en estantería Fecha de adquisición Número de inventario Total de préstamos Signatura topográfica completa Código de barras Fecha visto por última vez Número de copia Precio válido a partir de Tipo de ítem Koha Nota pública Fuente del sistema de clasificación o colocación
  Extraviado     Dominicana de Servicio General General Extraviado 19.04.2013 LF1   370.97293 D542p 14294-40 25.06.2020 e. 3 25.06.2020 Libro y Folleto Colección Dominicana de Servicio    
        Dominicana de Servicio General General Depósito 13.08.2015 LF1   370.97293 D542p 14294-50 25.06.2020 e. 4 25.06.2020 Libro y Folleto Colección Dominicana de Servicio Perteneció a la biblioteca personal de Chiqui Vicioso / Fidelio Despradel.  
    Préstamo en sala   Dominicana de Servicio Biblioteca Nacional Pedro Henríquez Ureña General Depósito 09.07.2021     BNPHU DS 370.97293 D542p 2021-2490 09.07.2021 e.5 09.07.2021 Libro y Folleto Colección Dominicana de Servicio   Dewey Decimal Classification
  Extraviado   Excluido de préstamo Patrimonio Dominicano Patrimonio Dominicano Patrimonio Dominicano Extraviado 09.12.2009 LF1   370.97293 D542p 14294-10 25.06.2020   25.06.2020 Libro y Folleto Colección Patrimonio Dominicano    
  Extraviado   Excluido de préstamo Patrimonio Dominicano Patrimonio Dominicano Patrimonio Dominicano Extraviado 03.03.2011 LF1   370.97293 D542p 14294-20 25.06.2020 e. 2 25.06.2020 Libro y Folleto Colección Patrimonio Dominicano    

Con tecnología Koha